000 00152nam a22000857a 4500
082 _a823
100 _aEMILY HUTTA
245 _aCATS DONT DANCE
942 _cBK
999 _c8400
_d8400